header

Condemned to repeat? (Record no. 12128)

MARC details
000 -LEADER
fixed length control field 01399nam a2200361Ia 4500
082 04 - DEWEY DECIMAL CLASSIFICATION NUMBER
Classification number 361.2/6
100 1# - MAIN ENTRY--AUTHOR NAME
Personal name Terry, Fiona.
245 10 - TITLE STATEMENT
Title Condemned to repeat?
260 ## - PUBLICATION, DISTRIBUTION, ETC. (IMPRINT)
Place of publication Ithaca ;
-- London :
Name of publisher Cornell University Press,
Year of publication c2002.
300 ## - PHYSICAL DESCRIPTION
Number of Pages xiv, 282 p.
650 #0 - SUBJECT ADDED ENTRY--TOPICAL TERM
Topical Term Refugee camps
Topical Term Humanitarian assistance
Topical Term Refugees
Topical Term Civil war
856 40 - ELECTRONIC LOCATION AND ACCESS
Uniform Resource Identifier http://site.ebrary.com/lib/rucke/Doc?id=10689191

No items available.

© 2026 Rongo University
Contact us: librarian | system librarian | Rongo university